MARC details
| 000 -LÍDER |
| campo de controle de tamanho fixo |
01133nam a22003377a 4500 |
| 001 - NÚMERO DE CONTROLE |
| campo de controle |
BR0405287 |
| 003 - IDENTIFICADOR DO NÚMERO DE CONTROLE |
| campo de controle |
BR-BrBNA |
| 005 - DATA E HORÁRIO DA ÚLTIMA TRANSAÇÃO |
| campo de controle |
20230928101747.0 |
| 007 - CAMPO FIXO DE DESCRIÇÃO FÍSICA--INFORMAÇÃO GERAL |
| campo de controle de tamanho fixo |
ta |
| 008 - CAMPO DE DADOS FIXOS--INFORMAÇÃO GERAL |
| campo de controle de tamanho fixo |
230509b bl.||||| |||| 00| 0 por d |
| 040 ## - FONTE DA CATALOGAÇÃO |
| Instituição da catalogação original |
BR-BrBNA |
| Idioma da catalogação |
por |
| Instituição que transcreveu o registro |
Biblioteca Nacional de Agricultura |
| 041 ## - CÓDIGO DE IDIOMA |
| Código do idioma do texto/trilha sonora ou título diferente |
(Por) |
| 072 ## - CÓDIGO DE CATEGORIA DE ASSUNTO |
| Código de Categoria de Assunto |
Q02; E70; E16 |
| Código do objeto |
1540 |
| 090 ## - NÚMERO DE CHAMADA LOCAL |
| -- |
1540 BR0405287 |
| 110 1# - ENTRADA PRINCIPAL--NOME CORPORATIVO |
| Nome corporativo ou nome da jurisdição |
EMBRAPA Mandioca e Fruticultura, Cruz das Almas, BA (Brasil) |
| 110 1# - ENTRADA PRINCIPAL--NOME CORPORATIVO |
| Nome corporativo ou nome da jurisdição |
Serviço Brasileiro de Apoio às Micro e Pequenas Empresas, Brasília, DF (Brasil) |
| 245 1# - TÍTULO |
| Título |
Iniciando um pequeno grande negócio agroindustrial: processamento da mandioca |
| Restante do título |
Série Agronegócios |
| 260 3# - PUBLICAÇÃO, DISTRIBUIÇÃO, ETC. |
| Local de publicação, distribuição, etc. |
Brasília, DF (Brasil): |
| Nome do editor, distribuidor, etc. |
EMBRAPA Informação Tecnológica, |
| Data da publicação, distribuição, etc. |
2003. |
| 300 ## - DESCRIÇÃO FÍSICA |
| Extensão |
115 p. |
| 500 ## - NOTA GERAL |
| Nota geral |
9 ref.; 23 tables; 51 illus.; inclui fita de video |
| 650 ## - ASSUNTO--TERMO TÓPICO |
| Cabeçalho tópico ou nome geográfico |
MANDIOCA |
| 650 ## - ASSUNTO--TERMO TÓPICO |
| Cabeçalho tópico ou nome geográfico |
TECNOLOGIA DE ALIMENTO |
| 650 ## - ASSUNTO--TERMO TÓPICO |
| Cabeçalho tópico ou nome geográfico |
AGRONEGÓCIO |
| 650 ## - ASSUNTO--TERMO TÓPICO |
| Cabeçalho tópico ou nome geográfico |
MERCADO |
| 650 ## - ASSUNTO--TERMO TÓPICO |
| Cabeçalho tópico ou nome geográfico |
ANÁLISE ECONÔMICA |
| 650 ## - ASSUNTO--TERMO TÓPICO |
| Cabeçalho tópico ou nome geográfico |
INVESTIMENTO |
| 650 ## - ASSUNTO--TERMO TÓPICO |
| Cabeçalho tópico ou nome geográfico |
CUSTO DE PRODUÇÃO |
| 650 ## - ASSUNTO--TERMO TÓPICO |
| Cabeçalho tópico ou nome geográfico |
PESQUISA DE MERCADO |
| 909 ## - |
| -- |
202309 |
| -- |
Lucia |
| -- |
55 |
| -- |
Lucia Elande |
| 942 ## - ELEMENTOS DE ENTRADA ADICIONADOS (KOHA) |
| Tipo de material Koha |
Livros |